AP Computer Science A #2 - Statistics

General Stats
  • This quiz has been taken 46 times
  • The average score is 32 of 45
Answer Stats
Question Tile Select % Correct
possible way of successfully storing stuff in a variable int hi = 18749875; No
93%
possible way of successfully storing stuff in a variable int num = 23456; No
93%
possible way of successfully storing stuff in a variable double num = 3.5; No
90%
possible way of successfully storing stuff in a variable String innocent = "I am the correct answer, EVERYTHING ELSE IS WRONG."; No
90%
possible way of successfully storing stuff in a variable String qwerty = "Subscribe to DankQuizzer16 for more amazing quizzes!"; No
90%
possible way of successfully storing stuff in a variable String wordy = "This is the wrong answer"; No
90%
possible way of successfully storing stuff in a variable double hello = 0.1134; No
85%
Successful java code statements .substring(3,6); No
83%
printing statements that failed to print JetPunk System.out.println("PunkJet"); No
83%
printing statements that failed to print JetPunk System.print("JetPunk") No
83%
possible way of successfully storing stuff in a variable char d = "d"; No
75%
printing statements that failed to print JetPunk System.out(JetPunk); No
75%
printing statements that failed to print JetPunk System.out.println(JetPunk); No
75%
printing statements that failed to print JetPunk System.out.println(Jetpunk"); No
75%
Math symbols used in java / No
73%
Math symbols used in java = No
73%
Math symbols used in java == No
73%
Math symbols used in java += No
73%
Math symbols used in java - No
73%
Successful java code statements int num = 5*4 No
73%
Successful java code statements int x = 4 No
73%
Non-existent data types number No
73%
Non-existent data types single No
73%
printing statements that failed to print JetPunk System.out.println("Jetpunk) No
73%
Math symbols used in java * No
70%
Math symbols used in java % No
70%
Math symbols used in java -= No
70%
Successful java code statements Scanner scanScan = new Scanner(System.in); No
70%
Non-existent data types triple No
70%
Non-existent data types word No
70%
Successful java code statements double decimal = 4/5 No
68%
possible way of successfully storing stuff in a variable double qwertyuiop = "I hate DankQuizzer16!"; Yes
68%
Successful java code statements double y = 4 No
68%
printing statements that failed to print JetPunk Print("PunkJet"); No
68%
Math symbols used in java @ Yes
65%
Non-existent data types quadruple No
65%
Non-existent data types quintuple No
65%
Successful java code statements System.out.println("Hi"); No
65%
Non-existent data types java No
63%
Successful java code statements return("number"); No
60%
printing statements that failed to print JetPunk System.out.print.JetPunk No
60%
Non-existent data types python No
58%
Non-existent data types double Yes
48%
printing statements that failed to print JetPunk System.out.println("JetPunk"); Yes
45%
Successful java code statements .quality(0,10); Yes
30%
No matching quizzes found
Score Distribution
Percent of People with Each Score
Percentile by Number Answered
Your Score History
You have not taken this quiz